La filosofía oculta en la época isabelina / (Record no. 184445)

MARC details
000 -LEADER
campo de control de longitud fija 00882nam a2200241 i 4500
001 - NÚMERO DE CONTROL
campo de control 184445
003 - IDENTIFICADOR DE NÚMERO DE CONTROL
campo de control ES-MaACL
005 - FECHA Y HORA DE LA ÚLTIMA TRANSACCIÓN
campo de control 20251015063155.0
008 - DATOS DE LONGITUD FIJA--INFORMACIÓN GENERAL
campo de control de longitud fija 150828s2001 sp f |||| | spa d
080 ## - NÚMERO DE LA CLASIFICACIÓN DECIMAL UNIVERSAL
Número de la Clasificación Decimal Universal 133(420)"15"
100 1# - ENTRADA PRINCIPAL--NOMBRE DE PERSONA
Nombre de persona Yates, Frances Amelia,
Fechas asociadas al nombre 1899-1981
9 (RLIN) 157348
245 13 - MENCIÓN DEL TÍTULO
Título La filosofía oculta en la época isabelina /
Mención de responsabilidad, etc. Frances A. Yates ; [traducción de Roberto Gómez Ciriza].
250 ## - MENCION DE EDICION
Mención de edición 1ª ed. en español, 1982; 2ª reimp.
260 ## - PUBLICACIÓN, DISTRIBUCIÓN, ETC.
Lugar de publicación, distribución, etc. México :
Nombre del editor, distribuidor, etc. Fondo de Cultura Económica,
Fecha de publicación, distribución, etc. 2001.
300 ## - DESCRIPCIÓN FÍSICA
Extensión 332 p., 16 p. de lám. ;
Dimensiones 17 cm.
490 1# - MENCIÓN DE SERIE
Mención de serie Colección popular (Fondo de Cultura Económica) ;
Designación de volumen o secuencia 232
RLIN 241328
500 ## - NOTA GENERAL
Nota general Índice analítico.
650 04 - PUNTO DE ACCESO ADICIONAL DE MATERIA--TÉRMINO DE MATERIA
Término de materia o nombre geográfico como elemento de entrada Hermetismo.
9 (RLIN) 13332
650 #4 - PUNTO DE ACCESO ADICIONAL DE MATERIA--TÉRMINO DE MATERIA
Término de materia o nombre geográfico como elemento de entrada Ocultismo-
Subdivisión geográfica Inglaterra.
9 (RLIN) 157349
852 ## - LOCALIZACIÓN
Ubicación ES-MaACL
Número de control de estantería L-30176
Nota libre .- Donat. Miguel A. Velasco
942 ## - ELEMENTOS DE ENTRADA SECUNDARIOS (KOHA)
Fuente del sistema de clasificación o colocación Clasificación decimal universal
Holdings
Estatus retirado Estado de pérdida Estado de daño No para préstamo Biblioteca de origen Biblioteca actual Ubicación en estantería Fecha de adquisición Fuente de adquisición Total de préstamos Signatura topográfica completa Código de barras Visto por última vez Precio de reemplazo Tipo de ítem Koha
        Biblioteca del Ateneo de Madrid Biblioteca del Ateneo de Madrid Depósito 2 28/08/2015     L-30176 1194099 23/02/2023 23/02/2023 Libro impreso